| 000 | 01239cam a22003134a 4500 | ||
|---|---|---|---|
| 005 | 20260322212024.0 | ||
| 008 | data | ||
| 010 | _a 00067645 | ||
| 020 | _a1580400639 (pbk. : alk. paper) | ||
| 020 | _a9781580400633 (pbk. : alk. paper) | ||
| 040 |
_aDLC _cDLC _dDLC |
||
| 042 | _apcc | ||
| 050 | 0 | 0 |
_aRC662 _b.G55 2001 |
| 082 | 0 | 0 |
_a616.4/620654 _221 |
| 092 | _a616.4 G55 2001 | ||
| 100 | 1 | _aGinsburg, Art. | |
| 245 | 1 | 0 |
_aMr. Food's quick & easy diabetic cooking : _bby Art Ginsburg ; featuring ADA Spokesperson, Nicole Johnson. _cArt Ginsburg. |
| 246 | 3 | 0 | _aMr. Food's quick and easy diabetic cooking |
| 246 | 3 | 0 | _aMister Food's quick and easy diabetic cooking |
| 246 | 3 | 0 | _aQuick & easy diabetic cooking |
| 260 |
_aAlexandria, VA : _bAmerican Diabetes Association, _cc2001. |
||
| 300 |
_axii, 191 p., [8] p. of plates : _bill. (some col.) ; _c25 cm. |
||
| 500 | _aIncludes index. | ||
| 650 | 0 |
_aDiabetes _xDiet therapy _vRecipes. |
|
| 856 | 4 | 2 |
_3Contributor biographical information _uhttp://www.loc.gov/catdir/bios/mh042/00067645.html |
| 856 | 4 | 2 |
_3Publisher description _uhttp://www.loc.gov/catdir/description/mh021/00067645.html |
| 856 | 4 | 1 |
_3Table of contents _uhttp://www.loc.gov/catdir/toc/mh021/00067645.html |
| 001 | data | ||
| 999 |
_c542 _d542 |
||